| Tag |
First Indicator |
Second Indicator |
Subfields |
| LEADER |
00000cam a22000008a 4500 |
| 001 |
in00000654313 |
| 005 |
20151015072943.0 |
| 008 |
800822s1981 mau b 00000 engm |
| 010 |
|
|
|a 80021512
|
| 020 |
|
|
|a 0201057840
|
| 035 |
|
|
|a (OCoLC)06707504
|
| 035 |
|
|
|9 ACX0901AM
|
| 040 |
|
|
|a DLC
|c DLC
|d m.c.
|d TXA
|d UtOrBLW
|
| 043 |
|
|
|a n-us---
|
| 049 |
|
|
|a TXAM
|c [1271334]
|
| 050 |
0 |
0 |
|a KF1446.A75
|b D48
|
| 082 |
0 |
|
|a 346.73/06648
|2 19
|
| 245 |
0 |
4 |
|a The Development of SEC accounting /
|c edited by Gary John Previts.
|
| 263 |
|
|
|a 8101
|
| 264 |
|
1 |
|a Reading, Mass. :
|b Addison-Wesley,
|c [1981]
|
| 264 |
|
4 |
|c ©1981
|
| 300 |
|
|
|a xi, 430 pages :
|b illustrations ;
|c 23 cm.
|
| 336 |
|
|
|a text
|b txt
|2 rdacontent
|
| 337 |
|
|
|a unmediated
|b n
|2 rdamedia
|
| 338 |
|
|
|a volume
|b nc
|2 rdacarrier
|
| 504 |
|
|
|a Includes bibliographical references.
|
| 610 |
1 |
0 |
|a United States.
|b Securities and Exchange Commission.
|
| 650 |
|
0 |
|a Corporations
|z United States
|x Accounting.
|
| 650 |
|
0 |
|a Financial statements
|z United States.
|
| 650 |
|
0 |
|a Disclosure of information (Securities law)
|z United States.
|
| 700 |
1 |
|
|a Previts, Gary John.
|
| 999 |
|
|
|a MARS
|
| 999 |
f |
f |
|s 6b877f27-d37e-3b92-9b50-8e9e827ecefb
|i c132ad6e-5d72-3235-a4c9-67be49849b90
|t 0
|
| 952 |
f |
f |
|p ric
|a Texas A&M University
|b Rellis Campus
|c Joint Library Facility
|d Remote Storage
|t 0
|e KF1446.A75 D48
|h Library of Congress classification
|i unmediated -- volume
|m A14803169004
|
| 998 |
f |
f |
|a KF1446.A75 D48
|t 0
|l Remote Storage
|